Oceňovanie rizika poisťovne a opčné obchody

Gespeichert in:
Bibliographische Detailangaben
1. Verfasser: Dávid, Arnold
Weitere Verfasser: Pinda, Ľudovít, 1958-
Format: Buchkapitel
Sprache:Slowakisch
Tags: Tag hinzufügen
Keine Tags, Fügen Sie das erste Tag hinzu!

MARC

LEADER 00000naa$a2200000$$$4500
001 0095968
005 20240502072051.1
041 0 |a slo 
044 |a SK 
245 1 0 |a Oceňovanie rizika poisťovne a opčné obchody  |c Arnold Dávid, Ľudovít Pinda 
100 1 |a Dávid, Arnold 
700 1 |a Pinda, Ľudovít, 1958-